| 000 | 00764nam0a22002411 4500 | ||
|---|---|---|---|
| 001 | v19\rc\1888238 | ||
| 005 | 20250619171438.0 | ||
| 035 | _a(NLR Aleph) 004976206 | ||
| 090 |
_a6136955 _c6136955 |
||
| 100 | _a20080221d1910 |||y0rusy50 ca | ||
| 101 | 0 | _arus | |
| 102 | _aRU | ||
| 105 | _aa z ||||| | ||
| 200 | 1 |
_aИнструкция для ухода за автомобилем "Форд" _eМодель 1909 и 1910 гг. _fFord Motor Co |
|
| 210 |
_a[Санкт-Петербург _d1910] |
||
| 215 |
_a[2], 21 с. _cил. |
||
| 710 | 0 | 2 |
_a"Форд-Мотор К°", фирма _cДетройт, США |
| 801 | 0 |
_aRU _bNLR _gpsbo |
|
| 801 | 0 |
_aRU _bRuMoRGB _2psbo |
|
| 801 | 1 |
_aRU _bProSoft-M _2rusmarc |
|
| 852 |
_aNLR _j37.53.6.381 |
||
| 942 | _cBOOK | ||
| 980 | _aNB | ||